Технология термоэмиссионных преобразователей: справочник

Xehetasun bibliografikoak
Beste egile batzuk: Агеева М. С. Маргарита Сергеевна (редактор), Елисеев В. Б. Владислав Борисович, Зайцев В. М. Виктор Михайлович, Коган Ю. Н. Юрий Николаевич, Либенсон Б. С. Борис Сергеевич, Муранова М. С. Марина Сергеевна, Назаркина В. А. Вера Андреевна, Рябиков С. В. Станислав Васильевич, Сергеев Д. И. Дмитрий Иванович, Шкляревский Е. Е. Евгений Евгеньевич
Hizkuntza:errusiera
Argitaratua: Москва, Атомиздат, 1974
Gaiak:
Formatua: Liburua
KOHA link:https://koha.lib.tpu.ru/cgi-bin/koha/opac-detail.pl?biblionumber=332955

MARC

LEADER 00000nam0a2200000 4500
001 332955
005 20231101030424.0
035 |a (RuTPU)RU\TPU\book\358950 
090 |a 332955 
100 |a 20170605d1974 k y0rusy50 ca 
101 0 |a rus 
102 |a RU 
105 |a a g 001zy 
200 1 |a Технология термоэмиссионных преобразователей  |e справочник  |f М. С. Агеева, В. Б. Елисеев, В. М. Зайцев [и др.]  |g под ред. С. В. Рябикова 
210 |a Москва  |c Атомиздат  |d 1974 
215 |a 232 с.  |c ил. 
320 |a Библиогр.: с. 229-232 
606 1 |a Преобразователи термоэмиссионные  |2 stltpush  |3 (RuTPU)RU\TPU\subj\51322 
610 1 |a электротехнологии 
610 1 |a металлы 
610 1 |a неметаллические материалы 
610 1 |a физико-механические свойства 
610 1 |a химические свойства 
610 1 |a конструкционные материалы 
610 1 |a металлокерамические материалы 
610 1 |a вакуумно-термическая обработка 
610 1 |a сварка 
610 1 |a пайка 
610 1 |a плазменное напыление 
610 1 |a технологическая гигиена 
610 1 |a откачка 
610 1 |a наполнители 
610 1 |a теплоносители 
610 1 |a справочники 
675 |a 621.362(035)  |v 4 
701 1 |a Агеева  |b М. С.  |g Маргарита Сергеевна 
701 1 |a Елисеев  |b В. Б.  |g Владислав Борисович 
701 1 |a Зайцев  |b В. М.  |g Виктор Михайлович 
701 1 |a Коган  |b Ю. Н.  |g Юрий Николаевич 
701 1 |a Либенсон  |b Б. С.  |g Борис Сергеевич 
701 1 |a Муранова  |b М. С.  |g Марина Сергеевна 
701 1 |a Назаркина  |b В. А.  |g Вера Андреевна 
701 1 |a Рябиков  |b С. В.  |g Станислав Васильевич 
701 1 |a Сергеев  |b Д. И.  |g Дмитрий Иванович 
701 1 |a Шкляревский  |b Е. Е.  |g Евгений Евгеньевич 
702 1 |a Рябиков  |b С. В.  |g Станислав Васильевич  |4 340 
801 1 |a RU  |b 63413507  |c 20170605 
801 2 |a RU  |b 63413507  |c 20201022  |g RCR 
942 |c BK